Italy World Cup 2006 Squad - Statistics

General Stats
  • This quiz has been taken 4,873 times
  • The average score is 15 of 23
Answer Stats
Position Club (Then) Club (Now) Answer % Correct
GK Juventus Juventus Gianluigi Buffon
99%
FW AS Roma AS Roma Francesco Totti
92%
DF Juventus Retired Fabio Cannavaro
88%
MD AC Milan AC Milan Andrea Pirlo
87%
MD Juventus Free Agent Alessandro Del Piero
82%
MD AS Roma AS Roma Daniele De Rossi
80%
DF AC Milan Free Agent Alessandro Nesta
76%
MD AC Milan Sion Gennaro Gattuso
76%
DF Inter Milan Free Agent Marco Materazzi
74%
DF Palermo Free Agent Fabio Grosso
72%
FW AC Milan Free Agent Filippo Inzaghi
71%
FW Fiorentina Al Nasr Luca Toni
70%
DF Juventus Free Agent Gianluca Zambrotta
65%
MD Juventus Lanus Mauro Camoranesi
58%
FW AC Milan Genoa Alberto Gilardino
56%
DF Palermo Juventus Andrea Barzagli
53%
FW Udinese Cesena Vincenzo Iaquinta
44%
MD AS Roma AS Roma Simone Perrotta
40%
GK Livorno AC Milan Marco Amelia
39%
DF Palermo Parma Cristian Zaccardo
36%
GK Lazio Retired Angelo Peruzzi
35%
DF Lazio Retired Massimo Oddo
29%
MD Palermo Livorno Simone Barone
28%
No matching quizzes found
Score Distribution
Percent of People with Each Score
Percentile by Number Answered
Your Score History
You have not taken this quiz